Thüringen-Quiz - Statistiken

Allgemein
  • Dieses Quiz wurde 123 mal gespielt
  • Das Durchschnittsergebnis liegt bei 8 aus 11
Antwortstatistiken
Hinweis Antwort % Korrekt
Landeshauptstadt Erfurt
99%
Abkürzung TH
92%
Zweitgrößte Stadt Jena
90%
Nördlich angrenzende Bundesländer Sachsen-Anhalt
89%
Reformator, welcher an der Uni Erfurt studierte Martin Luther
88%
In Eisenach befindet sich die ….burg Wartburg
84%
Stadt, die wie ein Fluss heißt der durch Erfurt fließt Gera
74%
Niedersachsen
74%
Bester Fußballclub Rot-Weiß-Erfurt
66%
Bekannte Wurst Thüringer Rostbratwurst
55%
Bekannter Schriftsteller Ludwig Bechstein
0%
Keine übereinstimmenden Quizze gefunden
Verteilung der Resultate
Anzahl Personen mit jedem Resultat
Perzentil nach korrekt beantworteten Fragen
Ihre Resultats-Entwicklung
Sie haben dieses Quiz noch nicht gespielt